000 00423nam a2200169Ia 4500
005 20250423100109.0
008 250422s9999 xx 000 0 und d
020 _a9783483005
050 _aKP 81 .O5/
245 0 _aManual on housing rights protection strategies for lower court judges
260 _aLagos
260 _bShelter Rights Initiative
260 _c2000
300 _a128 p
650 _aLaw
942 _cBK
999 _c32274
_d32274